Slovensko na ceste do OECD. 2
Organizácia a organizačná štruktúra Organizácie pre hospodársku spoluprácu a rozvoj (OECD).
Salvato in:
| Autore principale: | |
|---|---|
| Natura: | Capitolo di libro |
| Lingua: | slovacco |
| Soggetti: | |
| Tags: |
Nessun Tag, puoi essere il primo ad aggiungerne!!
|
MARC
| LEADER | 00000naa a2200000 4500 | ||
|---|---|---|---|
| 001 | r025757 | ||
| 005 | 20230824085344.8 | ||
| 041 | 0 | |a slo | |
| 044 | |a SK | ||
| 245 | 1 | 0 | |a Slovensko na ceste do OECD. 2 |c R. Dvorčák |
| 520 | |a Organizácia a organizačná štruktúra Organizácie pre hospodársku spoluprácu a rozvoj (OECD). | ||
| 610 | 2 | 0 | |a Slovensko |
| 610 | 2 | 0 | |a OECD |
| 610 | 2 | 0 | |a štruktúra organizačná |
| 610 | 2 | 0 | |a organizácie medzinárodné |
| 100 | 1 | |a Dvorčák, R. | |